000 00479nam a22001577u 4500
008 130405s1999 xxu||||| |||| 00| 0 spa d
020 _a8489733899
041 _aspa
100 1 _aPrieto Ramiro, Rafael
_929668
245 0 0 _aJubileo en la tierra, júbilo en el Cielo
_b:Adviento y Navidad 1999
_cRafael Prieto Ramiro
260 _aMadrid:
_bCaritas Española,
_c1999
300 _a261 p.
_c;21 cm.
650 0 4 _aLiturgia
_xNavidad y adviento
_918909
942 _cBK
001 65579
999 _c255946
_d255946